000 01159cam a2200205 4500
001 L129827
008 050526n2005 000 0 eng u
035 _a(Sirsi) u129827
041 _aeng
110 _aRoyal Institution of Chartered Surveyors
_94900
245 _aThinking of appealing against your new business rates?
260 _aLondon
_bRICS
_c2005
300 _a1 folded leaflet
_c21cm.
520 _aDescribes why businesses need to think about rates now with the new rateable values coming into effect in April 2005 and perhaps consider appealing against their new assessment. Explains how to find out more information about business rates and how to appeal a rates valuation if desired. Recommends seeking the assistance of regulated professionals such as RICS or Institute of Revenues Rating and Valuation members and provides tips on spotting rogue advisers. Contact details.
690 _aPROPERTY-COMMERCIAL PROPERTY-COMMERCIAL PROPERTY TAXATION-BUSINESS RATES
710 _aInstitute of Revenues, Rating and Valuation
_92992
710 _aValuation Office Agency
_93141
710 _aScottish Assessors' Association
_9968
942 _n0
999 _c104288
_d104288